[Event "FRA-chT sf rapid"]
[Site "Cappelle la Grande"]
[Date "2025.04.22"]
[Round "16.9"]
[White "Nottola, Adrien"]
[Black "Arcelin, Gael"]
[Result "1-0"]
[WhiteElo "2226"]
[BlackElo "2186"]
[PlyCount "101"]
[EventDate "2025.04.22"]
[EventType "team-match (rapid)"]
[EventRounds "2"]
[EventCountry "FRA"]
[SourceTitle "CB17_2025"]
[SourceDate "2025.04.23"]
[SourceVersion "1"]
[SourceVersionDate "2025.04.23"]
[SourceQuality "1"]

1. e4 g6 2. d4 d5 3. exd5 Qxd5 4. Nc3 Qd8 5. Nf3 Bg7 6. Bc4 Nf6 7. 0-0 0-0 8. h3 a6 9. a4 Nc6 10. Re1 e6 11. Bf4 b6 12. Qd2 Bb7 13. Rad1 Ne7 14. Ne5 Ned5 15. Nxd5 Nxd5 16. Bh6 Nf6 17. Bxg7 Kxg7 18. Qf4 Qd6 19. Bb3 Rad8 20. c3 Bd5 21. Bc2 c5 22. dxc5 Qxc5 23. Ng4 Nxg4 24. hxg4 Bb7 25. Be4 Bxe4 26. Qxe4 Qg5 27. Rd4 Kg8 28. Red1 h6 29. g3 Kh7 30. Kg2 Kg8 31. Rd6 Qe7 32. Qc6 Rc8 33. Qxb6 Rb8 34. Qxa6 Rxb2 35. Qc6 Qf6 36. R1d2 Rfb8 37. a5 Rxd2 38. Rxd2 Qg5 39. Qd6 Ra8 40. Qf4 Qxa5 41. Rd7 Rf8 42. Qd4 Qa8+ 43. Kh2 Qc6 44. Rd6 Qc8 45. c4 Kh7 46. c5 Qc7 47. c6 Kg8 48. Qc5 Rc8 49. Rd7 Qxc6 50. Rd8+ Kh7 51. Rxc8 1-0

[Event "Cappelle op 41st"]
[Site "Cappelle la Grande"]
[Date "2025.02.21"]
[Round "9"]
[White "Nottola, Adrien"]
[Black "Degraeve, Jean Marc"]
[Result "1/2-1/2"]
[WhiteElo "2253"]
[BlackElo "2482"]
[PlyCount "85"]
[EventDate "2025.02.15"]
[EventType "swiss"]
[EventRounds "9"]
[EventCountry "FRA"]
[SourceTitle "CB09_2025"]
[SourceDate "2025.02.27"]
[SourceVersion "1"]
[SourceVersionDate "2025.02.27"]
[SourceQuality "1"]

1. e4 e5 2. Nf3 Nc6 3. Bb5 Bc5 4. c3 f5 5. d4 fxe4 6. Nfd2 Be7 7. d5 e3 8. fxe3 Nb8 9. Qh5+ g6 10. Qxe5 Nf6 11. 0-0 0-0 12. Bd3 d6 13. Qg3 Nbd7 14. Nf3 Kg7 15. c4 Nc5 16. Bc2 Nfe4 17. Qe1 Bf6 18. Nd4 a5 19. Nc3 Nxc3 20. Qxc3 Bd7 21. b3 Qe7 22. Bb2 Be5 23. Qd2 Kg8 24. Bc3 b6 25. Nf3 Bxc3 26. Qxc3 Rae8 27. e4 Nxe4 28. Bxe4 Qxe4 29. Rae1 Qf4 30. Ne5 Qxf1+ 31. Rxf1 Rxf1+ 32. Kxf1 Rxe5 33. Qg3 Bf5 34. Qh4 Re8 35. Kg1 Bb1 36. Qf2 Rf8 37. Qb2 Bf5 38. h3 h5 39. Qd2 Kf7 40. Qh6 Kg8 41. Qe3 Kf7 42. Kf2 Re8 43. Qh6 1/2-1/2

[Event "Avoine op 38th"]
[Site "Avoine"]
[Date "2024.07.22"]
[Round "3"]
[White "Nottola, Adrien"]
[Black "Viel, Simon"]
[Result "0-1"]
[WhiteElo "2227"]
[BlackElo "2388"]
[PlyCount "150"]
[EventDate "2024.07.20"]
[EventType "swiss"]
[EventRounds "9"]
[EventCountry "FRA"]
[SourceTitle "EXT 2025"]
[Source "ChessBase"]
[SourceDate "2024.10.14"]
[SourceVersion "1"]
[SourceVersionDate "2024.10.14"]
[SourceQuality "1"]

1. e4 e5 2. Nf3 Nc6 3. Bb5 a6 4. Ba4 Nf6 5. 0-0 Nxe4 6. d4 b5 7. Bb3 d5 8. dxe5 Be6 9. Nbd2 Nc5 10. c3 d4 11. Bxe6 Nxe6 12. cxd4 Ncxd4 13. a4 Nc6 14. Qe2 Be7 15. Qe4 Nb4 16. axb5 0-0 17. bxa6 Nxa6 18. Qc4 Nac5 19. Rxa8 Qxa8 20. b4 Nd7 21. Ne4 Qa4 22. Qd3 Rd8 23. Nc3 Qxb4 24. Nd5 Qc5 25. Be3 Qa3 26. Qxa3 Bxa3 27. Nf4 Nxf4 28. Bxf4 Nc5 29. h3 h6 30. Be3 Nd3 31. Rd1 Rd7 32. Kf1 Nxe5 33. Ra1 Bb2 34. Nxe5 Bxe5 35. Ra6 Rd5 36. Ke2 Kf8 37. Kf3 Rb5 38. Ke4 Ke7 39. g3 Bd6 40. h4 Ke6 41. Ra8 f5+ 42. Kd3 Rb7 43. Kc4 Rb4+ 44. Kd3 f4 45. gxf4 Bxf4 46. Bd4 Bd6 47. Rh8 Kf7 48. Rd8 Rb3+ 49. Ke2 Rh3 50. Rd7+ Ke6 51. Rxg7 Rxh4 52. Be3 h5 53. Rg6+ Kd5 54. Kd3 Rg4 55. Rg5+ Rxg5 56. Bxg5 Ke5 57. Ke2 Kf5 58. Be3 Kg4 59. Kf1 Kf3 60. Kg1 Bb4 61. Kf1 Ba5 62. Kg1 Bb6 63. Bd2 Bxf2+ 64. Kh1 c5 65. Kh2 c4 66. Bc3 Be3 67. Kh3 Bg5 68. Ba5 Ke2 69. Bc3 Kd3 70. Be5 Be3 71. Kh4 Bd4 72. Bd6 c3 73. Kxh5 c2 74. Ba3 Be3 75. Kg4 Kd4 0-1

[Event "Paris-ch IdF"]
[Site "Paris"]
[Date "2022.07.12"]
[Round "1"]
[White "Nottola, Adrien"]
[Black "Girel, Joseph"]
[Result "0-1"]
[WhiteElo "2275"]
[BlackElo "2414"]
[PlyCount "108"]
[EventDate "2022.07.12"]
[EventType "swiss"]
[EventRounds "9"]
[EventCountry "FRA"]
[SourceTitle "CBM 209 Extra"]
[Source "ChessBase"]
[SourceDate "2022.09.30"]
[SourceVersion "1"]
[SourceVersionDate "2022.09.30"]
[SourceQuality "1"]

1. e4 e5 2. Nf3 Nc6 3. Bb5 Nf6 4. d3 Bc5 5. c3 0-0 6. 0-0 d6 7. Nbd2 a6 8. Ba4 Ba7 9. Re1 Ng4 10. Re2 f5 11. Nf1 Kh8 12. h3 Nh6 13. Bxc6 bxc6 14. N1h2 f4 15. d4 Qf6 16. Qa4 c5 17. dxe5 dxe5 18. c4 Ng8 19. Bd2 Ne7 20. Ba5 Bb6 21. Rd1 Nc6 22. Bxb6 cxb6 23. Rd5 Nd4 24. Nxd4 exd4 25. Nf3 Bb7 26. e5 Qf5 27. Nh4 Qb1+ 28. Kh2 b5 29. Qa5 Bxd5 30. cxd5 d3 31. Rd2 Qe1 32. Nf3 Qe4 33. d6 c4 34. Qc7 Qd5 35. Rd1 b4 36. Re1 Rac8 37. Qe7 d2 38. Rd1 c3 39. bxc3 bxc3 40. d7 Rcd8 41. e6 h6 42. Qa3 Qxe6 43. Qxc3 Rxd7 44. Rxd2 Rxd2 45. Qxd2 Qf6 46. Qa5 Rb8 47. Qc5 Rb5 48. Qa7 Kh7 49. Qa8 Rb2 50. Qe4+ Qg6 51. Qd4 Rxa2 52. Nh4 Qc2 53. Qxf4 Ra4 54. Qg3 Qe4 0-1

[Event "FRA-ch U18"]
[Site "Agen"]
[Date "2021.10.25"]
[Round "2"]
[White "Nottola, Adrien"]
[Black "Boyer, Mahel"]
[Result "0-1"]
[WhiteElo "2072"]
[BlackElo "2398"]
[PlyCount "64"]
[EventDate "2021.10.22"]
[EventType "swiss"]
[EventRounds "9"]
[EventCountry "FRA"]
[SourceTitle "EXT 2023"]
[Source "ChessBase"]
[SourceDate "2022.10.05"]
[SourceVersion "1"]
[SourceVersionDate "2022.10.05"]
[SourceQuality "1"]

1. d4 e6 2. e4 d5 3. Nc3 Nf6 4. Bg5 Be7 5. e5 Nfd7 6. h4 h6 7. Bxe7 Qxe7 8. f4 a6 9. Nf3 c5 10. Qd2 Nc6 11. Ne2 b5 12. a3 Bb7 13. g4 0-0-0 14. 0-0-0 Nb6 15. Rh3 b4 16. axb4 cxb4 17. f5 Nc4 18. Qd3 a5 19. fxe6 fxe6 20. Nf4 Qf7 21. Ng6 Rhe8 22. h5 a4 23. b3 Na3 24. Kd2 Kb8 25. Qe3 Rc8 26. Bd3 Na5 27. Qf4 Qc7 28. bxa4 Nxc2 29. Ke2 b3 30. Ne1 Qb6 31. Bxc2 bxc2 32. Rc1 Nb3 0-1

[Event "Barcelona IM-A 5th"]
[Site "Barcelona"]
[Date "2021.07.11"]
[Round "7"]
[White "Nottola, Adrien"]
[Black "Gavarrete, Nahun"]
[Result "0-1"]
[WhiteElo "2162"]
[BlackElo "2379"]
[PlyCount "128"]
[EventDate "2021.07.06"]
[EventType "tourn"]
[EventRounds "9"]
[EventCountry "ESP"]
[EventCategory "2"]
[SourceTitle "CBM 203 Extra"]
[Source "ChessBase"]
[SourceDate "2021.09.30"]
[SourceVersion "1"]
[SourceVersionDate "2021.09.30"]
[SourceQuality "1"]

1. e4 c5 2. Nf3 d6 3. d4 cxd4 4. Nxd4 Nf6 5. Nc3 g6 6. Be2 Bg7 7. Be3 Nc6 8. Qd2 Bd7 9. 0-0-0 0-0 10. h4 h5 11. f3 Nxd4 12. Bxd4 b5 13. g4 Qa5 14. gxh5 e5 15. Be3 Nxh5 16. Kb1 Be6 17. Nd5 Qxd2 18. Rxd2 Ng3 19. Rh2 Nxe2 20. Rhxe2 Rfd8 21. Rg2 Rd7 22. h5 Bxd5 23. Rxd5 gxh5 24. Rxb5 f5 25. a3 fxe4 26. fxe4 Rf8 27. Rh2 Rf1+ 28. Ka2 Re1 29. Rb3 a5 30. Rxh5 a4 31. Rb8+ Kf7 32. Rh3 Ke6 33. Re8+ Re7 34. Ra8 Rc7 35. Rxa4 Rxc2 36. Bb6 Ree2 37. Rb4 d5 38. exd5+ Kxd5 39. Rd3+ Kc6 40. Re3 e4 41. Rxe2 Rxe2 42. Bd4 Bxd4 43. Rxd4 Kc5 44. Rd8 Kc4 45. Rc8+ Kd3 46. a4 e3 47. a5 Rh2 48. Ka3 e2 49. Re8 Rh1 50. Kb4 Rh4+ 51. Kb5 Re4 52. Rxe4 Kxe4 53. a6 e1Q 54. a7 Qa1 55. Kb6 Ke5 56. Kb7 Qh1+ 57. Kb8 Qh8+ 58. Kb7 Qg7+ 59. Kb8 Qf8+ 60. Kb7 Qb4+ 61. Kc8 Qa5 62. Kb7 Qb5+ 63. Kc7 Qa6 64. Kb8 Qb6+ 0-1

[Event "Barcelona IM-A 5th"]
[Site "Barcelona"]
[Date "2021.07.10"]
[Round "6"]
[White "Alcala Gonzalez, Cesar"]
[Black "Nottola, Adrien"]
[Result "1-0"]
[WhiteElo "2157"]
[BlackElo "2162"]
[PlyCount "91"]
[EventDate "2021.07.06"]
[EventType "tourn"]
[EventRounds "9"]
[EventCountry "ESP"]
[EventCategory "2"]
[SourceTitle "CBM 203 Extra"]
[Source "ChessBase"]
[SourceDate "2021.09.30"]
[SourceVersion "1"]
[SourceVersionDate "2021.09.30"]
[SourceQuality "1"]

1. d4 Nf6 2. c4 g6 3. Nc3 Bg7 4. e4 d6 5. h3 0-0 6. Be3 c5 7. d5 a6 8. a4 e6 9. Bd3 Nbd7 10. Nf3 b6 11. 0-0 Bb7 12. Qd2 Ne8 13. Rfe1 Nc7 14. dxe6 fxe6 15. Rad1 Rxf3 16. gxf3 Qh4 17. Bf1 Ne5 18. Qe2 Nf7 19. f4 Bc6 20. Qc2 e5 21. fxe5 Bxe5 22. Bg2 Bd7 23. f4 Bxf4 24. Bxf4 Qxf4 25. Rf1 Qe5 26. Qf2 Rf8 27. Nd5 Nxd5 28. Rxd5 Qe7 29. e5 dxe5 30. Qf6 Qe8 31. Qxb6 Be6 32. Rxc5 Ng5 33. Rxf8+ Qxf8 34. Rxe5 Nxh3+ 35. Bxh3 Bxh3 36. Qf2 Bf5 37. c5 Qh6 38. Qe3 Qh4 39. Qb3+ Kg7 40. Qb7+ Kf8 41. Qb8+ Kg7 42. Qc7+ Kh6 43. Re3 Qg4+ 44. Qg3 Qd1+ 45. Re1 Qd7 46. Qh4+ 1-0

[Event "Barcelona IM 15th"]
[Site "Barcelona"]
[Date "2021.05.09"]
[Round "6"]
[White "Nottola, Adrien"]
[Black "Valenzuela Gomez, Fernando Alberto"]
[Result "1-0"]
[WhiteElo "2101"]
[BlackElo "2413"]
[PlyCount "113"]
[EventDate "2021.05.03"]
[EventType "tourn"]
[EventRounds "9"]
[EventCountry "ESP"]
[EventCategory "3"]
[SourceTitle "CBM 202 Extra"]
[Source "ChessBase"]
[SourceDate "2021.07.31"]
[SourceVersion "1"]
[SourceVersionDate "2021.07.31"]
[SourceQuality "1"]

1. e4 c5 2. Nf3 d6 3. d4 cxd4 4. Nxd4 Nf6 5. Nc3 a6 6. Bg5 Nc6 7. Qd2 e6 8. 0-0-0 Bd7 9. Nxc6 bxc6 10. e5 dxe5 11. Bxf6 gxf6 12. Ne4 Be7 13. Qh6 f5 14. Qg7 Rf8 15. Nd6+ Bxd6 16. Rxd6 Ke7 17. Rd2 Qc7 18. Qg5+ f6 19. Qh6 Be8 20. Be2 Bf7 21. Rhd1 Rad8 22. Rxd8 Rxd8 23. Rxd8 Qxd8 24. Qxh7 Kf8 25. Qh8+ Bg8 26. Qh6+ Ke7 27. Qg7+ Kd6 28. Qb7 a5 29. c3 e4 30. h4 Qf8 31. g3 e5 32. b3 f4 33. Qb6 fxg3 34. fxg3 Be6 35. Qxa5 Qh6+ 36. Kd1 Kd7 37. Qa7+ Kd6 38. Qb8+ Kd7 39. Qb7+ Kd6 40. Qb4+ Kd7 41. Qxe4 Qf8 42. Qh7+ Kd8 43. Qd3+ Kc7 44. c4 Qa3 45. Qd2 Bf5 46. h5 Qc5 47. Qc3 Bh7 48. g4 Be4 49. Kd2 Bh7 50. b4 Qa7 51. a3 Qg1 52. b5 e4 53. Qa5+ Kd6 54. Qd8+ Ke6 55. Qe8+ Kd6 56. Qxc6+ Ke5 57. Qc7+ 1-0

[Event "Barcelona IM 15th"]
[Site "Barcelona"]
[Date "2021.05.03"]
[Round "1"]
[White "Girel, Joseph"]
[Black "Nottola, Adrien"]
[Result "1-0"]
[WhiteElo "2327"]
[BlackElo "2101"]
[PlyCount "83"]
[EventDate "2021.05.03"]
[EventType "tourn"]
[EventRounds "9"]
[EventCountry "ESP"]
[EventCategory "3"]
[SourceTitle "CBM 202 Extra"]
[Source "ChessBase"]
[SourceDate "2021.07.31"]
[SourceVersion "1"]
[SourceVersionDate "2021.07.31"]
[SourceQuality "1"]

1. e4 c5 2. Nf3 d6 3. Bb5+ Nd7 4. 0-0 a6 5. Bd3 g6 6. c3 Bg7 7. Bc2 Ne5 8. Nxe5 dxe5 9. d3 Nf6 10. Be3 b6 11. f3 0-0 12. a4 a5 13. Na3 Ba6 14. Qe2 Nh5 15. g3 Qd7 16. Nc4 Rab8 17. Qg2 Rfd8 18. Rad1 Qc6 19. Bb3 Rd7 20. f4 exf4 21. gxf4 e6 22. Qe2 Rbd8 23. Bc1 Bxc4 24. Bxc4 Qxa4 25. f5 exf5 26. exf5 Qc6 27. fxg6 hxg6 28. Bg5 Bf6 29. Qxh5 gxh5 30. Rxf6 Qb7 31. Rdf1 Re8 32. R6f3 b5 33. Ba2 Re2 34. Rg3 c4 35. dxc4 Rd3 36. Be3+ Kf8 37. Bc5+ Ke8 38. Rg8+ Kd7 39. Rxf7+ Kc6 40. Rg6+ Kxc5 41. Rf5+ Qd5 42. Rxd5+ 1-0

[Event "Avoine op 33rd"]
[Site "Avoine"]
[Date "2018.07.25"]
[Round "5"]
[White "Nottola, Adrien"]
[Black "Batteux, Mickael"]
[Result "0-1"]
[WhiteElo "1855"]
[BlackElo "2106"]
[PlyCount "53"]
[EventDate "2018.07.21"]
[EventType "swiss"]
[EventRounds "9"]
[EventCountry "FRA"]
[SourceTitle "CBM 185 Extra"]
[Source "ChessBase"]
[SourceDate "2018.07.29"]
[SourceVersion "1"]
[SourceVersionDate "2018.07.29"]
[SourceQuality "1"]

1. e4 Nf6 2. d3 d6 3. Nf3 g6 4. Nbd2 c5 5. g3 Bg7 6. Bg2 Nc6 7. 0-0 0-0 8. c3 Bd7 9. Re1 Rc8 10. Nf1 b5 11. Ne3 b4 12. c4 Ng4 13. Nc2 Rb8 14. h3 Nf6 15. d4 cxd4 16. Ncxd4 Nxd4 17. Nxd4 Qc8 18. e5 dxe5 19. Rxe5 Qxc4 20. Bf1 Qc8 21. Bf4 Qd8 22. Qe1 Rb6 23. Nb3 Nh5 24. Rd5 Nxf4 25. gxf4 Qc8 26. Qxe7 Bxh3 27. Be2 0-1